Xenoblade Chronicles 2 - Personnages - Statistiques

Statistiques générales
  • Ce quiz a été pris 151 fois
  • Le résultat moyen est 34 sur 86
Statistiques - réponses
Indice Personnage % Correct
Aegis Pyra/Mythra
100%
Jeune récupérateur Rex
99%
Gormottoise, ancienne membre de Torna Nia
93%
Inquisitrice Spéciale de Mor Ardain Mòrag Ladair
89%
Nopon doué en mécanique Tora
89%
Commandant de Torna Jin
88%
Commandant en second de Torna Malhos
87%
Lame artificielle Poppi
85%
Chef des Mercenaires de Garfont Vandham
79%
"Oracle du Chaos" Zyk von Genbu
79%
Joyau de l'Empire Brighid
78%
Titan très sage Azurda/Papy
77%
Sa lame Dromarch
76%
Sa lame Pandoria
72%
Sa lame Roc
71%
Stratège de Torna Akhos
69%
Prêteur d'Indol Amalthus
65%
Membre de Torna Mikhail
65%
Sa soeur Patroka
62%
Déesse du Prétorium Fan la Norne/Haze
60%
Créateur d'Alrest L'Architecte
57%
Président de la Guilde d'Argentum Bana
55%
Artifice de Mythra Sirène
51%
Lame de Lumière, personnage issu de Xenosaga Kos-Mos
48%
Ancien pilote de l'Aegis Addam Origo
45%
Ancien Empereur de Mor Ardain Hugo
45%
Sa lame Obrona
45%
Son autre Artifice, contrôlé par le Limiteur Omega Ophion
43%
Lame de Vent, aime affronter des ennemis coriaces Zenobia
40%
Lame de Terre, aime les minéraux Agate
39%
Lame Electrique, ne maîtrise pas très bien ses pouvoirs Electra
39%
Lame d'Ombre, personnage issu de Xenosaga T-elos
39%
Lame de Vent, aime manger Boréas
38%
Sa lame Sever
38%
Sa lame Aegaeon
36%
Autre lame artificielle Lila
36%
Pilote du Parangon de Torna Lora
36%
Grand Père de Tora Soosoo
36%
Lame de Glace, aime chanter malgré sa timidité Ursula
36%
Lame de Terre, aimerait faire moins peur Wulfric
36%
Empereur de Mor Ardain Niall Ardanach
35%
Lame de Glace, ancienne voleuse Theory
35%
Lame Electrique, ancienne lame du pilote Mabon Vess
35%
Lame de Feu, fan de Pyra Crossette
34%
Lame d'Eau, ancienne voleuse Praxis
34%
Dirigeant du Théâtre de Fonsa Myma Cole/Minoth
33%
Lame de Terre, peut parler aux phonex Nim
32%
Lame de Vent, avide de connaissances Adenine
30%
Tante de Rex Corinne
30%
Lame de Glace, sculpteuse de glace Dahlia
30%
Lame de Vent, souffre de pertes de mémoire Finch
30%
Lame Electrique, aime papoter Kora
29%
Lame de Lumière, robot construit par Soosoo Poppinator
29%
Lame de Glace, se bat pour la justice Godfrey
28%
Lame de Lumière, assez prétentieux Corvin
27%
Lame de Terre, protège les végétaux Floren
27%
Son ancien assistant Muimui
27%
Lame d'Ombre, affronte le crime Perceval
27%
Père de Tora Tatazo
27%
Lame de Feu, monarque d'un royaume disparu Dagas
26%
Lame d'Eau, pâtissier Gorg
26%
Lame d'Eau, aime s'entourer de jeunes filles Sheba
24%
Lame de cette dernière Perdido
23%
Lame Electrique, a une puissance dévastatrice Herald
22%
Lame de Glace, se bat aussi pour la justice Perun
22%
Lame d'Ombre, gothique Vale
22%
Lame d'Ombre, n'a pas de chance Kasandra
21%
Sa lame Cressidus
19%
Lame d'Ombre, assez possessive Azami
18%
Nopon, constructeur de vaisseaux Umon
18%
Jeune Gormotti qui les accompagne Milton
17%
Lame de Feu, aime l'armée ardainienne Newt
17%
Consul de Gormott Dughall
16%
Mercenaire de Garfont Zuo
16%
Sa petite fille Iona
14%
Capitaine de la garde de Torigoth Padraig
14%
Mercenaire de Garfont Yew
14%
Chef des renseignements d'Argentum Niranira
11%
Reine d'Uraya Raqura
11%
Roi de Tantal Eulogimenos Tantal
10%
Mercenaire surnommé "Poing bleu" Gort
10%
Chef de Lindwurm Don Dondon
4%
Chef des Récupérateurs d'Argentum Pupunin
4%
Ancien prêteur d'Indol Rhadallis
4%
Frère du roi de Torna et son premier héritier Zettar
4%
Sénateur Ardainien Roderich
2%
Aucun quiz correspondant
Distribution des résultats
% des personnes avec chaque résultat
Percentile par nombre de réponses
Votre historique - résultats
Vous n’avez pas pris ce quiz